| 000 | 00693cam a22002413a 4500 | ||
|---|---|---|---|
| 001 | 31058 | ||
| 003 | PGUSA | ||
| 005 | 20140828083655.0 | ||
| 008 | 100124s2010||||xxu|||||s|||||000 1 eng d | ||
| 040 |
_aPGUSA _beng |
||
| 042 | _adc | ||
| 050 | 4 | _aPT | |
| 100 | 1 | _aReinwald, Theodor | |
| 245 | 1 | 0 |
_aReihensteinin perillinen : _bAlkuperäinen saksalainen novelli _h[electronic resource] / _cTheodor Reinwald |
| 260 |
_bProject Gutenberg, _c2010 |
||
| 506 | _aPublic domain in the USA. | ||
| 516 | _aElectronic text | ||
| 653 | _aFiction | ||
| 700 | 1 |
_aLempiranta, Arvo, _d1860-1914 |
|
| 830 | 0 |
_aProject Gutenberg _v31058 |
|
| 856 | 4 | 0 | _uhttp://www.gutenberg.org/ebooks/31058 |
| 942 | _cEB | ||
| 999 |
_c260313 _d260313 |
||